000 00225nam a22000857a 4500
008 161125b xxu||||| |||| 00| 0 eng d
100 _91439
_aHolder. G
245 _aConnections bible
260 _aBangalore
_bSadhana publication
_c2004
999 _c4163
_d4163